| 000 | 00450nam a2200157 i 4500 | ||
|---|---|---|---|
| 001 | 150464 | ||
| 003 | ES-MaACL | ||
| 005 | 20230906203525.0 | ||
| 007 | t| | ||
| 008 | 071030s1912 sp ||||1| fre d | ||
| 100 | 1 |
_aVales Failde, Javier. _9112684 |
|
| 245 | 1 | 3 |
_aLa protection des jeunes filles en Espagne / _cJavier Vales Failde. |
| 260 |
_aMadrid : _b[s.n.], _c1912 ( _fImp. Arch. Bib. y Museos) |
||
| 300 | _a203 p. | ||
| 852 |
_aES-MaACL _jG-294 |
||
| 999 |
_c150464 _d150464 |
||